NHL Top 5 Vezina Trophy Voting Every Year 1982-99 - Statistics

General Stats
  • This quiz has been taken 11 times
  • The average score is 55 of 95
Answer Stats
Year Team Player % Correct
1999: 1 Sabres Dominik Hasek
100%
1998: 1 Sabres Dominik Hasek
100%
1997: 1 Sabres Dominik Hasek
100%
1995: 1 Sabres Dominik Hasek
100%
1994: 1 Sabres Dominik Hasek
100%
1999: 4 Devils Martin Brodeur
100%
1998: 2 Devils Martin Brodeur
100%
1997: 2 Devils Martin Brodeur
100%
1996: 4 Devils Martin Brodeur
100%
1996: 2 Red Wings Chris Osgood
90%
1999: 2 Maple Leafs Curtis Joseph
90%
1997: 5 Oilers Curtis Joseph
90%
1994: 4 Blues Curtis Joseph
90%
1993: 3 Blues Curtis Joseph
90%
1998: 4 Stars Ed Belfour
90%
1995: 2 Blackhawks Ed Belfour
90%
1993: 1 Blackhawks Ed Belfour
90%
1992: 4 Blackhawks Ed Belfour
90%
1991: 1 Blackhawks Ed Belfour
90%
1989: 5 Oilers Grant Fuhr
90%
1988: 1 Oilers Grant Fuhr
90%
1987: 3 Oilers Grant Fuhr
90%
1986: 3 Oilers Grant Fuhr
90%
1982: 2 Oilers Grant Fuhr
90%
1998: 5 Avalanche Patrick Roy
90%
1997: 3 Avalanche Patrick Roy
90%
1994: 3 Canadiens Patrick Roy
90%
1992: 1 Canadiens Patrick Roy
90%
1991: 2 Canadiens Patrick Roy
90%
1990: 1 Canadiens Patrick Roy
90%
1989: 1 Canadiens Patrick Roy
90%
1996: 5 Flyers Ron Hextall
90%
1987: 1 Flyers Ron Hextall
90%
1991: 3 Rangers Mike Richter
80%
1995: 4 Red Wings Mike Vernon
80%
1989: 2 Flames Mike Vernon
80%
1988: 4 Flames Mike Vernon
80%
1998: 5 Capitals Olaf Kölzig
80%
1993: 5 Bruins Andy Moog
70%
1991: 5 Bruins Andy Moog
70%
1990: 3 Bruins Andy Moog
70%
1983: 5 Oilers Andy Moog
70%
1983: 4 Islanders Billy Smith
70%
1982: 1 Islanders Billy Smith
70%
1998: 3 Penguins Tom Barrasso
70%
1993: 2 Penguins Tom Barrasso
70%
1988: 2 Sabres Tom Barrasso
70%
1985: 2 Sabres Tom Barrasso
70%
1984: 1 Sabres Tom Barrasso
70%
1993: 4 Maple Leafs Félix Potvin
60%
1995: 5 Panthers John Vanbiesbrouck
60%
1994: 2 Panthers3 John Vanbiesbrouck
60%
1989: 4 Rangers John Vanbiesbrouck
60%
1986: 1 Rangers John Vanbiesbrouck
60%
1991: 4 Kings Kelly Hrudey
60%
1988: 3 Islandrs Kelly Hrudey
60%
1990: 5 Whalers/Capitals Mike Liut
60%
1987: 2 Whalers Mike Liut
60%
1994: 5 Sharks Artūrs Irbe
50%
1996: 1 Capitals Jim Carey
50%
1995: 3 Capitals Jim Carey
50%
1985: 1 Flyers Pelle Lindbergh
50%
1992: 3 Jets Bob Essensa
40%
1992: 2 Canucks Kirk McLean
40%
1989: 3 Canucks Kirk McLean
40%
1983: 1 Bruins Pete Peeters
40%
1984: 5 Nordiques Dan Bouchard
30%
1982: 4 Nordiques Dan Bouchard
30%
1996: 3 Lightning Daren Puppa
30%
1990: 2 Sabres Daren Puppa
30%
1983: 3 Blackhawks Murray Bannerman
30%
1990: 4 Bruins Réjean Lemelin
30%
1985: 3 Flames Réjean Lemelin
30%
1984: 2 Flames Réjean Lemelin
30%
1982: 5 Canadiens Rick Wamsley
30%
1999: 5 Senators Ron Tugnutt
30%
1988: 5 Canadiens Brian Hayward
10%
1985: 5 Jets Brian Hayward
10%
1986: 4 Nordiques Clint Malarchuk
10%
1997: 4 Ducks Guy Hebert
10%
1987: 4 Jets Pokey Reddick
10%
1992: 5 Red Wings Tim Cheveldae
10%
1984: 4 Capitals Al Jensen
0%
1987: 5 Flyers/Rangers Bob Froese
0%
1986: 2 Flyers Bob Froese
0%
1999: 3 Bruins Byron Dafoe
0%
1986: 5 Stars Don Beaupre
0%
1989: 5 Blues Greg Millen
0%
1986: 5 Islandrs Kelly Hrudey
0%
1995: 5 Penguins Ken Wregget
0%
1982: 3 Penguins Michel Dion
0%
1997: 5 Rangers Mike Richter
0%
1985: 4 Capitals Pat Riggin
0%
1984: 3 Capitals Pat Riggin
0%
1983: 2 Islanders Roland Melanson
0%
No matching quizzes found
Score Distribution
Percent of People with Each Score
Percentile by Number Answered
Your Score History
You have not taken this quiz